| 000 | 00365cam a2200133 4500 | ||
|---|---|---|---|
| 008 | 090917n 000 0 eng u | ||
| 035 | _a(Sirsi) a167151 | ||
| 050 | _aBP 53 Mau 1976 | ||
| 100 | _aMaudoodi, Abul Ala | ||
| 245 |
_aWhat Islam stands For?/ _cAbul Ala Maudoodi |
||
| 260 |
_aNairobi: _bIslamic Foundation, _c1976 |
||
| 300 | _a47p. | ||
| 650 | _aReligion | ||
| 999 |
_c113183 _d113183 |
||